| 000 | 00886nam a2200229Ia 4500 | ||
|---|---|---|---|
| 999 |
_c38629 _d38629 |
||
| 001 | 4817 | ||
| 003 | GE_BSU | ||
| 005 | 20190814124802.0 | ||
| 008 | 181216s2010||||ge |||||||||||||| ||geo|| | ||
| 020 | _a9789992861264 | ||
| 040 | _cGE_BSU | ||
| 041 | _ageo | ||
| 080 | _a355.48(479.22) ს-21 | ||
| 100 |
_aსამუშია, ჯაბა _93576 |
||
| 245 |
_aსაქართველოს დიდი ბრძოლები / _cჯაბა სამუშია ; რედ. ლელა მაჩაბლიშვილი. |
||
| 264 |
_aთბილისი : _bელფი ; _c2010. |
||
| 300 |
_a112 გვ. : _bილ. ; _c28 სმ. |
||
| 541 | _h20ლ. | ||
| 653 | _aსაქართველოს დიდი ბრძოლები | ||
| 700 |
_aმაჩაბლიშვილი, ლელა _eრედაქტორი _93577 |
||
| 942 |
_cBK _2udc |
||